00494nam a22001577a 4500003000900000008004100009040007100050082001800121100001800139245002400157260004900181300002800230650002300258650002300281650003200304AR-CdUCM190227b ||||| |||| 00| 0 spa d aMUNICIPALIDAD PROVINCIAL DEL CUSCOcBIBLIOTECA MUNICIPAL DEL CUSCO a869.56 /bY94 aYunis, Yamily aLevita la palabra / aLima : bJaime Campodónico Editor, c1990. a75 páginas ; c20 cm. aLiteratura peruana aPoesías peruanas aPoesías peruanas siglo XX